00329nam a2200121Ia 450000500170000000800410001708200130005810000150007124500210008626000410010730000180014850000410016620250405181554.0240331s9999 xx 000 0 und d bSANa894 aSanthan, A 0aInnoru venniravu aJaffnabVenn Pura Publicationsc1888 aviii, 42 p ., aCollection of Short Stories in Tamil